000 00740nam a22002297a 4500
003 UA-OsUOA
001 73219
007 ta
008 20110216b un ||||| |||| 00| 0 ukr d
090 _a339.5(075.8)
_bЗ-78
942 _cBK
040 _aUA-OsUOA
_bukr
_cUA-OsUOA
_dUA-OsUOA
245 _aЗовнішньоекономічна діяльність
_bНавчальний посібник
_cза ред. І.І. Дахна
300 _a360 с.
955 _a2
041 _aukr
080 _a339.5(075.8)
020 _a966-364-277-7
260 _aК.
_bЦентр навчальної літератури
_c2006
650 7 _a339.5 Зовнішня торгівля. Міжнародна торгівля
_2UDC
999 _c359499
_d359499